000 00366nam a2200145 i 4500
001 bg
100 1 _aNOBIS, B.
245 0 _aEksploatacja sieci elektroenergetycznych w pytaniach i odpowiedziach /
_cB. Nobis.
250 _aWyd.4 zmien.
260 _aWarszawa,
_c1985.
040 _cBPK
041 _apol
942 _cKS
008 s pl f |000 0 pol
999 _c2514
_d2514
856 _uhttp://koha.tu.koszalin.pl/cgi-bin/koha/opac-detail.pl?biblionumber=2514
_yKatalog online BPK